| 000 | 00856nam a2200241 i 4500 | ||
|---|---|---|---|
| 001 | 31580 | ||
| 003 | ES-MaACL | ||
| 005 | 20250811052457.0 | ||
| 007 | t| | ||
| 008 | 030129s1912 sp |||| | spa d | ||
| 080 | _a328(460)"1808/14" | ||
| 100 | 1 |
_aBelda Carreras, José _927140 |
|
| 245 | 1 | 4 |
_aLas Cortes de Cádiz en el Oratorio de San Felipe _b: notas históricas / _cpor José Belda y Rafael M. de Labra (hijo). |
| 260 |
_aMadrid : _bImp. de Fortanet, _c1912. |
||
| 300 |
_a110 p., [3] h. de lám. ; _c22 cm. |
||
| 504 | _aReferencias bibliográficas: p. 109-110. | ||
| 594 | _aPrecede al titulo: El Centenario de 1812. | ||
| 610 | 1 | 4 |
_aEspaña. _bCortes de Cádiz _93663 |
| 700 | 1 |
_aLabra y Martínez, Rafael María de, _dn. 1886 _969276 |
|
| 852 |
_aES-MaACL _jD-4835 |
||
| 852 |
_aES-MaACL _jT-1327-F-4 |
||
| 999 |
_c31580 _d31580 |
||